000 00372nam a22001577a 4500
003 OSt
008 250507b |||||||| |||| 00| 0 eng d
082 _a294.544 SAS
100 _aSARASWATI, Mehrsee Dayanand
245 _aSwmantvyamantvyaparkash
250 _a21th
260 _aNew Delhi
_bArya Prakashan
_c2021
300 _a16
650 _aGeneral
942 _2ddc
_cBK
999 _c13558
_d13558